• Asociación de Archiveros de la Iglesia en España (Barcelona, España).

di Corporate Name

Records bibliografici associati: 2

001 - CONTROL NUMBER

  • control field: 32465

003 - CONTROL NUMBER IDENTIFIER

  • control field: IT-RoINE

005 - DATE AND TIME OF LATEST TRANSACTION

  • control field: 20180529065620.0

008 - FIXED-LENGTH DATA ELEMENTS

  • fixed length control field: 170320|| aca||aabn | a|a d

040 ## - CATALOGING SOURCE

  • Original cataloging agency: IT-RoINE
  • Transcribing agency: IT-RoINE

110 2# - HEADING--CORPORATE NAME

  • Corporate name or jurisdiction name as entry element: Asociación de Archiveros de la Iglesia en España (Barcelona, España).
  • Subordinate unit: Congreso
  • Number of part/section/meeting: (13º.
  • Date of meeting or treaty signing: 1997.
  • Location of meeting: Sevilla, España)

670 ## - SOURCE DATA FOUND

  • Source citation: Work cat.: (IT-RoINE)0: Asociación de Archiveros de la Iglesia en España (Barcelona, España). (13º. 1999. Sevilla, España), Las visitas pastorales en el Ministerio del Obispo y archivos de la iglesia :, 1999.